| 000 | 01010nam a22003015a 4500 | ||
|---|---|---|---|
| 001 | 16290248 | ||
| 003 | OSt | ||
| 005 | 20191119153816.0 | ||
| 008 | 100618s2009 ph ab b 001 0 eng | ||
| 010 | _a 2010338168 | ||
| 020 | _a9789710451043 | ||
| 040 |
_aDLC _cDLC |
||
| 042 | _alcode | ||
| 043 | _aa-ph--- | ||
| 050 |
_aDS 689.C6 _b.P324 2009 |
||
| 082 |
_aF 959.902 _b.C382 2009 |
||
| 245 | 0 | 0 |
_aCavite, su glorioso pasado : _bCavite, her impressive history: colonial reports of Buzeta, 1850, huerta, 1865 and Cavada, 1876 / _cPaular, Regino P. |
| 260 |
_aCavite : _bCavite Historical Society, _c2009. |
||
| 300 |
_axx, 132 p. : _bill., map ; _c23 cm. |
||
| 504 | _aIncludes bibliographical references (p. 112-113) and index. | ||
| 526 | _c1210L-1700L | ||
| 562 | _eFor circulation. 1 copy available in the collection | ||
| 700 | 1 | _aPaular, Regino P. | |
| 906 |
_a7 _bpar _corigode _d3 _encip _f20 _gy-gencatlg |
||
| 942 |
_2lcc _cBK _kFIL |
||
| 999 |
_c18581 _d18581 |
||